| 000 | 01066nam a22003257a 4500 | ||
|---|---|---|---|
| 005 | 20110616105017.0 | ||
| 008 | 110616t xxu||||| |||| 00| 0 eng d | ||
| 010 | _aENG-102614 | ||
| 020 |
_c1380.00 _a9788184840841 |
||
| 035 | _aEN-86147 | ||
| 037 | _bDBAD / PUB | ||
| 040 |
_adpl _bEnglish |
||
| 082 | _a332.6730954 | ||
| 100 | _928493 | ||
| 110 | _928532 | ||
| 245 |
_aGlobalization, foreign capital and development / _cedited by Sutanu Bhattacharya...[et al] |
||
| 260 |
_aNew Delhi _bRegal Publications _c2011 |
||
| 270 |
_aF-159, Rajouri Garden _bNew Delhi _e110027 _k45546396 |
||
| 300 |
_axvii,338p. _c22cm (Hb) |
||
| 500 | _aIncludes index | ||
| 600 | _928594 | ||
| 610 | _928529 | ||
| 650 | _928580 | ||
| 651 | _928530 | ||
| 700 |
_928520 _aBhattacharya, Sutanu |
||
| 710 | _928535 | ||
| 942 |
_2ddc _cEN _mGLO _h332.6730954 |
||
| 999 |
_c52942 _d52942 |
||